00366 a2200145 4500003000400000005001700004008004100021020001800062040000900080082001700089100002700106245005200133260002500185300001000210OSt20240823115438.0231018b |||||||| |||| 00| 0 eng d a9782745198396 coclc a892.7bZAY/F aAl zayat, ahmad hassan aFEE USOOLIL ADAB- HASAN ZAYATH /cHasan zayath bDKI,aBeirut:c1971. a248 p